LEADER 01712nam0 22003613i 450 001 RAV0022787 005 20231121125624.0 010 $a8842025887 100 $a20090403d1985 ||||0itac50 ba 101 | $aita$cita 102 $ait 181 1$6z01$ai $bxxxe 182 1$6z01$an 200 1 $aCondizioni economiche e amministrative delle provincie napoletane$eappunti di viaggio, diario del viaggio$fLeopoldo Franchetti$ga cura di Antonio Jannazzo 210 $aRoma$aBari$cLaterza$d1985 215 $aXXXII, 389 p.$d22 cm 225 | $aCollezione di studi meridionali 410 0$1001CFI0016377$12001 $aCollezione di studi meridionali 500 10$aCondizioni economiche e amministrative delle provincie napoletane$3CSA0173744$972044 606 $aItalia meridionale$xDescrizioni e viaggi$x1873-1875$2FIR$3RMLC408119$9I 606 $aItalia meridionale$xCondizioni economiche esociali$xSec. 19.$xDiari e memorie$x1873-1875$2FIR$3RMLC408120$9I 700 1$aFranchetti$b, Leopoldo$3RAVV013805$4070$0120289 702 1$aJannazzo$b, Antonio$3CFIV017749 801 3$aIT$bIT-01$c20090403 850 $aIT-RM0418 $aIT-RM0460 $aIT-FR0017 899 $aBIBLIOTECA ACCADEMIA NAZ. DEI LINCEI E CORSINIANA$bRM0418 899 $aBiblioteca Dell' Archivio Centrale Dello Stato$bRM0460 899 $aBiblioteca umanistica Giorgio Aprea$bFR0017 912 $aRAV0022787 950 0$aBiblioteca umanistica Giorgio Aprea$d 52MAG 2/1615$e 52MAG0000169895 VMC RS $fA $h20200312$i20200312 977 $a 10$a 27$a 52 996 $aCondizioni economiche e amministrative delle provincie napoletane$972044 997 $aUNICAS